Datum a čas kvízu
26.5
Celkem bodů
Celkový počet nahraných bodů na tomto kvízu bez doplňovacích otázek.
7.
Pořadí na kvízu
Konečné umístění týmu na tomto kvízu.
Zaznamenané odpovědi
| # | Otázka | Odpověď | Body | Výsledky |
|---|---|---|---|---|
| 1. | Která jediná evropská země je... | Rusko | 1 | |
| 2. | V minulých dnech si netradiční... | Jeff Bezos, Richard Branson | 0 | |
| 3. | Minulou sobotu došlo k devítih... | silnými bouřkami | 0 | |
| 4. | Nejen lidem cestujícím za dovo... | v Brně | 1 | |
| 5. | A na závěr jedna sportovní a v... | 3x | 1 | |
| 6. | Dovolená se může často během c... | v roce 2004 | 1 | |
| 7. | Pláže v Austrálii jsou proslul... | o drony | 1 | |
| 8. | Hormon adrenalin je nám velmi... | epinefrin | 0 | |
| 9. | Dalším adrenalinovým zážitkem,... | v Pamploně | 1 | |
| 10. | Jedním z nejpoptávanějších adr... | Austrálie a Oceánie | 0 |